[Event "SVK-chT2C 1718"]
[Site "Slovakia"]
[Date "2018.03.18"]
[Round "11.8"]
[White "Stauder, Matej"]
[Black "Debnar, Jozef"]
[Result "1-0"]
[WhiteElo "1834"]
[BlackElo "1275"]
[PlyCount "41"]
[EventDate "2017.10.28"]
[EventType "team-tourn"]
[EventRounds "11"]
[EventCountry "SVK"]
[SourceTitle "EXT 2020"]
[Source "ChessBase"]
[SourceDate "2019.10.17"]
[SourceVersion "1"]
[SourceVersionDate "2019.10.17"]
[SourceQuality "1"]
[WhiteTeam "Zilina Mladost II"]
[BlackTeam "Liptovska Stiavnica"]
[WhiteTeamCountry "SVK"]
[BlackTeamCountry "SVK"]

1. d4 d5 2. Nf3 Bg4 3. Bf4 Bxf3 4. gxf3 g6 5. e3 Bh6 6. Be5 f6 7. Bg3 f5 8. Nd2 Nf6 9. c4 0-0 10. cxd5 Nxd5 11. Bc4 c6 12. e4 fxe4 13. fxe4 b5 14. Bb3 Na6 15. exd5 cxd5 16. Qe2 Bg7 17. Qe6+ Kh8 18. Qxa6 Bxd4 19. Qxb5 Qb6 20. Qxb6 axb6 21. 0-0 1-0

[Event "SVK-chT2C 1718"]
[Site "Slovakia"]
[Date "2018.01.14"]
[Round "6.8"]
[White "Korenova, Simona"]
[Black "Debnar, Jozef"]
[Result "1-0"]
[WhiteElo "1659"]
[BlackElo "1275"]
[PlyCount "37"]
[EventDate "2017.10.28"]
[EventType "team-tourn"]
[EventRounds "11"]
[EventCountry "SVK"]
[SourceTitle "EXT 2019"]
[Source "ChessBase"]
[SourceDate "2018.10.10"]
[SourceVersion "1"]
[SourceVersionDate "2018.10.10"]
[SourceQuality "1"]
[WhiteTeam "Liptov Chess School III"]
[BlackTeam "Liptovska Stiavnica"]
[WhiteTeamCountry "SVK"]
[BlackTeamCountry "SVK"]

1. c4 d5 2. cxd5 Qxd5 3. Nc3 Qd8 4. d4 e6 5. e4 Bb4 6. Nf3 Bxc3+ 7. bxc3 Nf6 8. Bg5 h6 9. Bxf6 Qxf6 10. Bd3 0-0 11. 0-0 Nc6 12. Rb1 b6 13. Bc2 Ba6 14. Re1 Rfd8 15. e5 Qe7 16. Nd2 Bb7 17. Qg4 Qa3 18. Bb3 Qxa2 19. Bxa2 1-0